000 00310nam a22001337a 4500
008 180814b xxu||||| |||| 00| 0 eng d
020 _a9780721676692
041 _aeng
080 _a616.12
100 _a7
101 _aKAR
245 _aTEXTBOOK OF CLINICAL ECHOCARDIOGRAPHHY
_cOTTO.C.M
942 _2udc
_cBK
999 _c47151
_d47151